Оценка эффективности процесса плазменной утилизации горючих отходов замкнутого ядерного топливного цикла; Перспективы развития фундаментальных наук

Detalhes bibliográficos
Parent link:Перспективы развития фундаментальных наук.— 2014.— [С. 161-163]
Autor principal: Новосёлов И. Ю. Иван Юрьевич
Autor Corporativo: Национальный исследовательский Томский политехнический университет
Outros Autores: Ковалев А. В. (научный руководитель), Каренгин А. Г. Александр Григорьевич
Resumo:Заглавие с экрана
This article shows modeling results of the joint utilization process of tributylphosphate's spent solutions into hexachlorobutadiene for uranium and plutonium extraction from nitric acid solution of spent nuclear fuel and SNF's processing wastes. Utilization process were carried out for widely temperature and mass fraction ranges of air plasma coolant. Also optimal consists of inflammable water-organic compositions and modes for practical application this process in air plasma were determined.
Idioma:russo
Publicado em: 2014
Colecção:Физика
Assuntos:
Acesso em linha:http://www.lib.tpu.ru/fulltext/c/2014/C21/047.pdf
Formato: Recurso Electrónico Capítulo de Livro
KOHA link:https://koha.lib.tpu.ru/cgi-bin/koha/opac-detail.pl?biblionumber=606804

MARC

LEADER 00000naa2a2200000 4500
001 606804
005 20260305162303.0
035 |a (RuTPU)RU\TPU\conf\4183 
035 |a RU\TPU\conf\4177 
090 |a 606804 
100 |a 20140618d2014 k y0rusy50 ca 
101 0 |a rus 
102 |a RU 
135 |a drcn ---uucaa 
181 0 |a i  
182 0 |a b 
200 1 |a Оценка эффективности процесса плазменной утилизации горючих отходов замкнутого ядерного топливного цикла  |d Efficiency's estimation of plasma utilization of inflammable wastes in closed nuclear fuel cycle  |f И. Ю. Новосёлов, А. В. Ковалев  |g науч. рук. А. Г. Каренгин 
203 |a Текст  |c электронный 
215 |a 1 файл(410 Кб) 
225 1 |a Физика 
300 |a Заглавие с экрана 
320 |a [Библиогр.: с. 163 (4 назв.)] 
330 |a This article shows modeling results of the joint utilization process of tributylphosphate's spent solutions into hexachlorobutadiene for uranium and plutonium extraction from nitric acid solution of spent nuclear fuel and SNF's processing wastes. Utilization process were carried out for widely temperature and mass fraction ranges of air plasma coolant. Also optimal consists of inflammable water-organic compositions and modes for practical application this process in air plasma were determined. 
337 |a Adobe Reader 
463 1 |0 (RuTPU)RU\TPU\conf\3586  |t Перспективы развития фундаментальных наук  |l Prospects of fundamental sciences development  |o сборник научных трудов XI Международной конференция студентов и молодых ученых, г. Томск, 22-25 апреля 2014 г.  |f Национальный исследовательский Томский политехнический университет (ТПУ) ; под ред. Е. А. Вайтулевич  |v [С. 161-163]  |d 2014 
510 1 |a Efficiency's estimation of plasma utilization of inflammable wastes in closed nuclear fuel cycle  |z eng 
610 1 |a электронный ресурс 
610 1 |a труды учёных ТПУ 
610 1 |a эффективность процесса 
610 1 |a плазменная утилизация 
610 1 |a горючие отходы 
610 1 |a ядерные циклы 
610 1 |a топливные циклы 
610 1 |a утилизация 
700 1 |a Новосёлов  |b И. Ю.  |c специалист в области ядерных технологий  |c инженер-исследователь Томского политехнического университета  |f 1989-  |g Иван Юрьевич  |3 (RuTPU)RU\TPU\pers\32434 
701 1 |a Ковалев  |b А. В. 
702 1 |a Каренгин  |b А. Г.  |c физик  |c доцент Томского политехнического университета, кандидат физико-математических наук  |f 1950-  |g Александр Григорьевич  |4 727 
712 0 2 |a Национальный исследовательский Томский политехнический университет  |c (2009- )  |9 26305 
801 1 |a RU  |b 63413507  |c 20101016 
801 2 |a RU  |b 63413507  |c 20150615  |g RCR 
850 |a 63413507 
856 4 |u http://www.lib.tpu.ru/fulltext/c/2014/C21/047.pdf 
942 |c CF